Entry Nombre personal
001 - NÚMERO DE CONTROL
- campo de control: 18985
003 - IDENTIFICADOR DEL NÚMERO DE CONTROL
- campo de control: BNPHU
005 - FECHA Y HORA DE LA ÚLTIMA TRANSACCIÓN
- campo de control: 20250401135740.0
008 - DATOS DE LONGITUD FIJA
- campo de control de longitud fija: 200615|| aca||aabn | a|a d
010 ## - NÚMERO DE CONTROL DE LA BIBLIOTECA DEL CONGRESO
- Número de control de LC: n 90722500
040 ## - FUENTE DE LA CATALOGACIÓN
- Centro catalogador/agencia de origen: DO-SdBNP
- Lengua de catalogación: spa
- Centro/agencia transcriptor: BNPHU
- Normas de descripción: rda
100 1# - ENCABEZAMIENTO-NOMBRE DE PERSONA
- Nombre de persona: Chaljub Mejía, Rafael
- Fechas asociadas al nombre: 1942-
370 ## - LUGAR ASOCIADO
- Lugar de nacimiento: Nació en Las Gordas (María Trinidad Sánchez) , República Dominicana
372 ## - CAMPO DE ACTIVIDAD
- Campo de actividad: Ensayista
- Campo de actividad: Investigador
- Campo de actividad: Político
375 ## - GÉNERO/SEXO
- Género/Sexo: Masculino
377 ## - LENGUA/LENGUAJE ASOCIADO
- Código del idioma: spa
400 ## - TRAZADO DE VÉASE--NOMBRE DE PERSONA
- Nombre de persona: Mejía, Rafael Chaljub
670 ## - FUENTE DE DATOS ENCONTRADOS
- Cita de la fuente: Chaljub Mejía, Rafael, Antes de que te vayas... :, 2002.
670 ## - FUENTE DE DATOS ENCONTRADOS
- Cita de la fuente: Golpe a golpe, 1990
670 ## - FUENTE DE DATOS ENCONTRADOS
- Cita de la fuente: La "era" en los días del fin, 2006:
670 ## - FUENTE DE DATOS ENCONTRADOS
- Identificador Uniforme del Recurso: https://diccionario.funglode.org/autores/chaljub-mejia-rafael/ Consultado em 01 de Abril 2025
